The emerging land management paradigm - a major challenge for the global surveying community (Record no. 77525)
[ view plain ]
| 000 -LEADER | |
|---|---|
| fixed length control field | 01107cab a2200193 4500 |
| 001 - CONTROL NUMBER | |
| control field | ##L134435 |
| 008 - FIXED-LENGTH DATA ELEMENTS--GENERAL INFORMATION | |
| fixed length control field | 060807n2006 000 0 eng u |
| 035 ## - SYSTEM CONTROL NUMBER | |
| System control number | (Sirsi) u134435 |
| 041 0# - LANGUAGE CODE | |
| Language code of text/sound track or separate title | eng |
| 100 1# - MAIN ENTRY--PERSONAL NAME | |
| Personal name | Enemark, Stig |
| 245 04 - TITLE STATEMENT | |
| Title | The emerging land management paradigm - a major challenge for the global surveying community |
| 260 ## - PUBLICATION, DISTRIBUTION, ETC. | |
| Date of publication, distribution, etc. | 2006 |
| 490 #0 - SERIES STATEMENT | |
| Series statement | Geomatics World |
| Volume/sequential designation | 14(5)July/ August 2006, 20-25(6) |
| 520 ## - SUMMARY, ETC. | |
| Summary, etc. | Provides a detailed reference point for the current state of land management in developed countries, charts a course for the future and looks at how education must change to meet the new paradigm. Covers the land management paradigm, cadastral systems, land administration systems, integrated land-use management, capacity development in land administration and the educational, professional and institutional challenges including the role of the Federation Internationale de Geometres. Figures. References. |
| 590 ## - LOCAL NOTE (RLIN) | |
| Local note | IKA010806 |
| 651 #4 - SUBJECT ADDED ENTRY--GEOGRAPHIC NAME | |
| Geographic name | International |
| 690 ## - LOCAL SUBJECT ADDED ENTRY--TOPICAL TERM (OCLC, RLIN) | |
| Topical term or geographic name as entry element | PROPERTY-RURAL AND NATURAL ASSETS-RURAL AND NATURAL ASSET MANAGEMENT-LAND MANAGEMENT |
| 942 ## - ADDED ENTRY ELEMENTS (KOHA) | |
| Suppress in OPAC | 0 |
| Withdrawn status | Lost status | Source of classification or shelving scheme | Damaged status | Not for loan | Home library | Current library | Shelving location | Date acquired | Total Checkouts | Full call number | Barcode | Date last seen | Copy number | Price effective from | Koha item type |
|---|---|---|---|---|---|---|---|---|---|---|---|---|---|---|---|
| Dewey Decimal Classification | London | London | Journal article | 07/08/2006 | L134435 | 134435-1001 | 06/08/2019 | 1 | 06/08/2019 | Journal article |